000 00785nam a2200265 a 4500
008
020 _a0073136484 (hbk.)
049 _aMAIN
090 0 _aHF5636
_bPHI
100 1 _aPhillips, Fred.
245 1 0 _aFundamentals of financial accounting /
_cFred Phillips, Robert Libby [and] Patricia A. Libby.
250 _a2nd ed.
260 _aBoston :
_bMcGraw-Hill,
_cc2008.
300 _axxxii, 638 [143] p. :
_bill. ;
_c28 cm.
500 _aIncludes index.
504 _aIncludes bibliographical references.
650 0 _aAccounting.
700 _aLibby, A. Patricia.
700 _aLibby, Robert.
907 _a.b10286573
_b13-02-13
_c08-11-10
003
005 20230120133835.0
040 _cNUST
942 _cBOOKS
_kHF5636
_mPHI
999 _c96372
_d96372